000
00321nam a2200133Ia 4500
008
200103s9999||||xx |||||||||||||| ||und||
040
_a
IMU-MPC
082
_a
Column-23
100
_a
Thompson, J. E.
245
2
_a
A manual of the slide rule
260
_b
D. Van Nostrand Company
_c
1951
300
_a
vii, 220
942
_c
BK
999
_c
6823
_d
6823